书目信息 |
| 题名: |
西部大开发
|
|
| 作者: | 刘争上游 , 冯青 编著 | |
| 分册: | ||
| 出版信息: | 北京 中国石化出版社 2000.04 |
|
| 页数: | 290页 | |
| 开本: | 21cm | |
| 丛书名: | 西部开发系列 | |
| 单 册: | ||
| 中图分类: | F127 | |
| 科图分类: | ||
| 主题词: | 西部大开发--研究--中国 | |
| 电子资源: | ||
| ISBN: | 7-80043-988-7 | |
| 000 | 00894nam 22002537 450 | |
| 001 | 192004004494 | |
| 005 | 20070910101338.36 | |
| 010 | @a7-80043-988-7@dCNY18.00 | |
| 100 | @a20070604d2000 ekmy0chiy0121 ea | |
| 101 | 0 | @achi |
| 102 | @aCN@b110000 | |
| 105 | @ay z 000yy | |
| 200 | 1 | @a西部大开发@Axi bu da kai fa@f刘争上游, 冯青编著 |
| 210 | @a北京@c中国石化出版社@d2000.04 | |
| 215 | @a290页@d21cm | |
| 225 | 2 | @a西部开发系列@Axi bu kai fa xi lie |
| 330 | @a本书从西部大开发的历史背景、自然资源、基础设施谈起,介绍了西部各省区市的个体优惠政策和措施,国家部委和其他省市支持西部大开发的相应举措,经济学家的宏观论述,展示了让投资创业者心动的商机......... | |
| 410 | 0 | @12001 @a西部开发系列 |
| 606 | 0 | @a西部大开发@x研究@y中国 |
| 690 | @aF127@v4 | |
| 701 | 0 | @a刘争上游@Aliu zheng shang you@4编著 |
| 701 | 0 | @a冯青@Afeng qing@4编著 |
| 801 | 0 | @aCN@c20070910 |
| 905 | @dF127@eL726 | |
| 西部大开发/刘争上游, 冯青编著.-北京:中国石化出版社,2000.04 |
| 290页;21cm.-(西部开发系列) |
| ISBN 7-80043-988-7:CNY18.00 |
| 本书从西部大开发的历史背景、自然资源、基础设施谈起,介绍了西部各省区市的个体优惠政策和措施,国家部委和其他省市支持西部大开发的相应举措,经济学家的宏观论述,展示了让投资创业者心动的商机......... |
| ● |
| 相关链接 |
|
|
|
正题名:西部大开发
索取号:F127/L726
 
预约/预借
| 序号 | 登录号 | 条形码 | 馆藏地/架位号 | 状态 | 备注 |
| 1 | 616481 | 206164817 | 社科二线422/409社科库 70排2列3层/ [索取号:F127/L726] | 在馆 | |
| 2 | 616482 | 206164826 | 社科库409/409社科库 70排2列3层/ [索取号:F127/L726] | 在馆 | |
| 3 | 616483 | 206164835 | 社科库409/409社科库 70排2列3层/ [索取号:F127/L726] | 在馆 |